Documento firmado por Don Fernando Mangino (Record no. 4642)
[ view plain ]
| 000 -CABECERA | |
|---|---|
| campo de control de longitud fija | 01413nam a2200301 a 4500 |
| 001 - NÚMERO DE CONTROL | |
| campo de control | BRCA_4948 |
| 005 - FECHA Y HORA DE LA ÚLTIMA TRANSACCIÓN | |
| campo de control | 20190320204855.0 |
| 008 - DATOS DE LONGITUD FIJA--INFORMACIÓN GENERAL | |
| campo de control de longitud fija | 221010s1830----mx-#######---#000-0#spa-# |
| 041 ## - CÓDIGO DE LENGUA | |
| Código de lengua del texto/banda sonora o título independiente | spa |
| 044 ## - CÓDIGO DEL PAÍS DE LA ENTIDAD EDITORA/PRODUCTORA | |
| Código MARC del país | mx |
| 084 ## - OTRO NÚMERO DE CLASIFICACIÓN | |
| Número de clasificación | DOC42 |
| Número de documento/Ítem | .M66 |
| -- | 1830 |
| 100 1# - ENTRADA PRINCIPAL--NOMBRE DE PERSONA | |
| Nombre de persona | Mangino, Fernando |
| 9 (RLIN) | 12573 |
| 245 10 - MENCIÓN DE TÍTULO | |
| Título | Documento firmado por Don Fernando Mangino |
| Mención de responsabilidad, etc. | Fernando Mangino ; Manuel Eduardo de Gorostiza. |
| 260 ## - PUBLICACIÓN, DISTRIBUCIÓN, ETC. | |
| Lugar de publicación, distribución, etc. | Londres |
| Fecha de publicación, distribución, etc. | 1830 |
| 300 ## - DESCRIPCIÓN FÍSICA | |
| Extensión | [1] foja |
| Dimensiones | 32 x 20 cm. |
| 500 ## - NOTA GENERAL | |
| Nota general | Documento firmado el 16 de diciembre de 1830. |
| 500 ## - NOTA GENERAL | |
| Nota general | Documento que consta de una certificación firmada por Don Fernando Mangino Secretario de la Legación Mexicana en Londres, de haber recibido un oficio en el que el Gobierno Mexicano acepta que el hijo de Don Manuel E. de Gorostiza (Don Eduardo), pase como agregado a dicha legación. |
| 500 ## - NOTA GENERAL | |
| Nota general | El documento contiene la leyenda DOC. #51. |
| 500 ## - NOTA GENERAL | |
| Nota general | Estado de conservación: contiene roturas al margen superior. |
| 506 0# - NOTA DE RESTRICCIONES AL ACCESO | |
| Limitaciones de acceso | Fondo Reservado. Para su consulta es necesario credencial de usuario y carta de motivos. |
| 546 ## - NOTA DE LENGUA/LENGUAJE | |
| Nota de lengua/lenguaje | Texto en : español de mediados del siglo XIX. |
| 600 14 - PUNTO DE ACCESO ADICIONAL DE MATERIA--NOMBRE DE PERSONA | |
| Nombre de persona | Mangino, Fernando |
| Subdivisión general | Historia |
| 9 (RLIN) | 12574 |
| 650 14 - PUNTO DE ACCESO ADICIONAL DE MATERIA--TÉRMINO DE MATERIA | |
| Término de materia o nombre geográfico como elemento de entrada | Relaciones internacionales |
| Subdivisión geográfica | México |
| 9 (RLIN) | 12575 |
| 651 #4 - PUNTO DE ACCESO ADICIONAL DE MATERIA--NOMBRE GEOGRÁFICO | |
| Nombre geográfico | México |
| Subdivisión general | Historia |
| Subdivisión cronológica | Federalismo y centralismo, 1824-1853 |
| 9 (RLIN) | 12576 |
| 700 1# - PUNTO DE ACCESO ADICIONAL--NOMBRE DE PERSONA | |
| Nombre de persona | Gorostiza, Manuel Eduardo de |
| Fechas asociadas al nombre | 1789-1851 |
| 9 (RLIN) | 12577 |
| 902 ## - CATALOGADOR | |
| Iniciales | FDH |
| 942 ## - ELEMENTOS DE PUNTO DE ACCESO ADICIONAL (KOHA) | |
| Fuente del sistema de clasificación o colocación | Library of Congress Classification |
| Tipo de ítem Koha | Documentos |
| Estado de retiro | Estado de pérdida | Estado dañado | No para préstamo | Localización permanente | Ubicación/localización actual | Fecha de adquisición | Total de préstamos | Signatura topográfica completa | Código de barras | Fecha visto por última vez | Precio válido a partir de | Tipo de ítem Koha |
|---|---|---|---|---|---|---|---|---|---|---|---|---|
| El ejemplar forma parte de la colección y puede ser consultado según las políticas vigentes. | Biblioteca del Museo Franz Mayer (Rogerio Casas-Alatriste) | Biblioteca del Museo Franz Mayer (Rogerio Casas-Alatriste) | 22/10/2010 | DOC42 .M66 1830 | 5009 | 22/03/2019 | 22/03/2019 | Documentos |